Every Godzilla Monster by Appearance - Statistics

General Stats
  • This quiz has been taken 726 times
    122 since last reset
  • The average score is 156 of 258
Answer Stats
Movie Answer % Correct
All Monsters Attack (1969) | Destroy All Monsters (1968) | Ebirah, Horror of the Deep (1966) | +37 others Godzilla
97%
Destroy All Monsters (1968) | Ebirah, Horror of the Deep (1966) | Ghidorah, the Three Headed Monster (1964) | +12 others Mothra
95%
Rebirth of Mothra (1996) | Rebirth of Mothra II (1997) | Rebirth of Mothra III (1998) Mothra Leo
95%
Rebirth of Mothra III (1998) Primitive Mothra
95%
All Monsters Attack (1969) | Destroy All Monsters (1968) | Ghidorah, the Three Headed Monster (1964) | +7 others Rodan
95%
Godzilla vs Kong (2021) | Godzilla x Kong: The New Empire (2024) | King King Escapes (1967) | +3 others King Kong
90%
Destroy All Monsters (1968) | Ghidorah, the Three Headed Monster (1964) | Godzilla vs Gigan (1972) | +6 others King Ghidorah
87%
Godzilla Against Mechagodzilla (2002) | Godzilla: Tokyo SOS (2003) Kiryu
85%
Godzilla vs Kong (2021) | Godzilla vs Mechagodzilla (1974) | Godzilla vs Mechagodzilla II (1993) | +3 others Mechagodzilla
83%
Godzilla: Singular Point (2021) Robogodzilla
83%
All Monsters Attack (1969) | Destroy All Monsters (1968) | Godzilla Final Wars (2004) | +5 others Anguirus
82%
Destroy All Monsters (1968) | Varan (1958) Varan
82%
Godzilla vs Mechagodzilla II (1993) Baby Godzilla
77%
Godzilla vs Biollante (1989) Biollante
77%
Godzilla vs Destoroyah (1995) Godzilla Jr
77%
Godzilla Final Wars (2004) | Godzilla vs Hedorah (1971) Hedorah
77%
Godzilla vs Space Godzilla (1994) Little Godzilla
77%
Godzilla Final Wars (2004) | Godzilla vs Gigan (1972) | Godzilla vs Megalon (1973) Gigan
73%
Godzilla vs Destoroyah (1995) Destoroyah
68%
All Monsters Attack (1969) | Ebirah, Horror of the Deep (1966) | Godzilla Final Wars (2004) Ebirah
68%
Godzilla vs Megalon (1973) | Godzilla: Singular Point (2021) Jet Jaguar
68%
Godzilla vs Megaguirus (2000) Megaguirus
68%
Godzilla vs Megalon (1973) Megalon
68%
Godzilla (2014) | Godzilla: King of the Monsters (2019) MUTO
68%
Godzilla vs Space Godzilla (1994) Space Godzilla
67%
Dogora (1964) | Godzilla: Planet of the Monsters (2017) Dogora
65%
Godzilla Final Wars (2004) Monster X / Kaiser Ghidorah
63%
Destroy All Monsters (1968) | Frankenstein Conquers the World (1965) | Godzilla, Mothra, King Ghidorah: Giant Monsters All out Attack (2001) Baragon
62%
Godzilla vs Mothra: Battle for Earth (1992) Battra
62%
Frankenstein Conquers the World (1965) Frankenstein
60%
Godzilla vs Kong (2021) | Kong: Skull Island (2017) Skull Crawlers
60%
Terror of Mechagodzilla (1975) Titanosaurus
58%
All Monsters Attack (1969) | Destroy All Monsters (1968) | Godzilla Final Wars (2004) | +2 others Kumonga
57%
All Monsters Attack (1969) | Atragon (1963) | Destroy All Monsters (1968) | +2 others Manda
57%
Godzilla vs Space Godzilla (1994) | The Mysterians (1957) Moguera
57%
Godzilla x Kong: The New Empire (2024) Shimo
57%
Godzilla x Kong: The New Empire (2024) Skar King
57%
All Monsters Attack (1969) | Destroy All Monsters (1968) | King King Escapes (1967) Gorosaurus
55%
Godzilla 2000: Millennium (1999) | Godzilla: Planet of the Monsters (2017) Orga
55%
Godzilla Final Wars (2004) Zilla
55%
Godzilla Final Wars (2004) | Godzilla vs Mechagodzilla (1974) King Caesar
53%
All Monsters Attack (1969) | Ebirah, Horror of the Deep (1966) Giant Condor
52%
All Monsters Attack (1969) | Godzilla Final Wars (2004) | Godzilla: Planet of the Monsters (2017) | Son of Godzilla (1967) Kamacuras
52%
Godzilla: King of the Monsters (2019) Behemoth
50%
All Monsters Attack (1969) | Destroy All Monsters (1968) | Godzilla Final Wars (2004) | Son of Godzilla (1967) Minya
50%
Godzilla vs Megaguirus (2000) Meganula
47%
Godzilla vs King Ghidorah (1991) Mecha King Ghidorah
45%
Godzilla vs Megaguirus (2000) | Godzilla: Singular Point (2021) | Rodan (1956) Meganulon
45%
Godzilla (1998) Baby Godzilla
43%
All Monsters Attack (1969) Gabara
43%
King Kong vs Godzilla (1962) | The War of the Gargantuas (1966) Giant Octopus
43%
King King Escapes (1967) Mechani-Kong
42%
Godzilla x Kong: The New Empire (2024) | Godzilla: King of the Monsters (2019) Scylla
42%
Godzilla x Kong: The New Empire (2024) Doug
40%
Godzilla vs Kong (2021) Foetodon
40%
The War of the Gargantuas (1966) Sanda
40%
Godzilla vs King Ghidorah (1991) Dorat
38%
The War of the Gargantuas (1966) Gaira
38%
Rebirth of Mothra (1996) Desghidorah
37%
Space Amoeba (1970) Gezora
37%
Godzilla vs King Ghidorah (1991) Godzillasaurus
37%
Godzilla x Kong: The New Empire (2024) Suko
37%
Godzilla: Tokyo SOS (2003) | Space Amoeba (1970) Kamoebas
35%
Godzilla x Kong: The New Empire (2024) Tiamat
35%
Godzilla: King of the Monsters (2019) Methuselah
32%
Godzilla vs Kong (2021) | Godzilla x Kong: The New Empire (2024) Warbat
32%
Gorath (1962) Maguma
30%
Monarch: Legacy of Monsters (2023) Titan X
30%
Space Amoeba (1970) Ganimes
28%
The Return of Godzilla (1984) Shockirus
28%
Godzilla: Planet of the Monsters (2017) | Rebirth of Mothra II (1997) Dagahra
27%
Monarch: Legacy of Monsters (2023) Ion Dragon
27%
Godzilla 2000: Millennium (1999) Millennian
25%
King Kong vs Godzilla (1962) Giant Lizard
23%
King King Escapes (1967) Giant Sea Serpent
23%
Godzilla vs Kong (2021) | Godzilla x Kong: The New Empire (2024) | Godzilla: King of the Monsters (2019) | +2 others Leaf Wing
23%
Kong: Skull Island (2017) Mire Squid
23%
Kong: Skull Island (2017) Sker Buffalo
23%
Kong: Skull Island (2017) | Monarch: Legacy of Monsters (2023) Mother Longlegs
22%
Mothra vs Godzilla (1964) Skeleturtle
22%
Rebirth of Mothra II (1997) Barem
20%
Godzilla vs Space Godzilla (1994) | Rebirth of Mothra (1996) | Rebirth of Mothra II (1997) | Rebirth of Mothra III (1998) Fairy Mothra
20%
Godzilla vs Kong (2021) | Godzilla x Kong: The New Empire (2024) Hell Hawk
20%
Godzilla x Kong: The New Empire (2024) Drown Viper
18%
Monarch: Legacy of Monsters (2023) Frost Vark
18%
Latitude Zero (1969) Griffon
18%
Godzilla: City on the Edge of Battle (2018) | Godzilla: Planet of the Monsters (2017) | Godzilla: The Planet Eater (2018) Servum
18%
Latitude Zero (1969) Bat Men
17%
Rebirth of Mothra (1996) | Rebirth of Mothra II (1997) | Rebirth of Mothra III (1998) Garugaru
17%
Latitude Zero (1969) Giant Rats
17%
Godzilla: Singular Point (2021) Salunga
17%
Godzilla x Kong: The New Empire (2024) Wart Dog
17%
Rebirth of Mothra II (1997) Ghogo
15%
Godzilla x Kong: The New Empire (2024) Great Ape
15%
All Monsters Attack (1969) Maneater
15%
Kong: Skull Island (2017) Spore Mantis
15%
Frankenstein Conquers the World (1965) Giant Boar
13%
Mothra (1961) Vampire Plant
13%
Monarch: Legacy of Monsters (2023) Psycho Vulture
12%
Godzilla x Kong: The New Empire (2024) Vertacine
12%
Godzilla vs Kong (2021) Arachno-Claw
10%
Monarch: Legacy of Monsters (2023) Brambleboar
10%
Monarch: Legacy of Monsters (2023) Endoswarmer
10%
Godzilla: Singular Point (2021) Hanenga
10%
Godzilla: Singular Point (2021) Kamanga
10%
Monarch: Legacy of Monsters (2023) Mantle Claw
10%
Godzilla: Singular Point (2021) Zenbunga
10%
Godzilla x Kong: The New Empire (2024) Fly Guy
8%
Godzilla: King of the Monsters (2019) Giant Spider
8%
Monarch: Legacy of Monsters (2023) Scarab
8%
Godzilla x Kong: The New Empire (2024) Hollow Earth Grub
7%
Godzilla x Kong: The New Empire (2024) Parrot Frog
7%
Godzilla x Kong: The New Empire (2024) Tree Mimic
7%
Monarch: Legacy of Monsters (2023) Vine Rat
7%
Monarch: Legacy of Monsters (2023) Axis Mundi Butterfly
5%
Monarch: Legacy of Monsters (2023) Skull Island Grub
3%
No matching quizzes found
Score Distribution
Percent of People with Each Score
Percentile by Number Answered
Your Score History
You have not taken this quiz since the last reset